000
00352nam a2200133Ia 4500
008
151001s9999||||xx |||||||||||||| ||und||
100
_a
गणेश हिर्लेकर
245
_a
रक्तिमा
250
_a
1
260
_b
शेट्ये ललित वैभव
260
_c
1981
300
_a
86
365
_b
18
999
_c
982055
_d
982052